000 01464nam a2200301Ia 4500
001 22555
003 IT-RoPAU
008 130308s9999 xx 000 0 und d
040 _aIT-RoPAU
040 _cIT-RoPAU
041 _aITALIANO
100 _aBernieri Claudio
100 _gCodice Aut. SPICS: 12545
245 _aNon sparate sul cantautore (2 volumi)
245 _bNon sparate Sul Cantautore (2 Volumi)
250 _a1a ed.
260 _aMILANO
260 _bMazzotta
260 _c1978 [1° Ed.:1978 - Ed.Ling.Originale:1978]
300 _a"384 p. (prefazione: no ; testo: 384)"
500 _aCanzone Italiana cantautori Italiani Canzone Politica Ivan della Mea Luigi Tenco Sanremo 75 Claudio Lolli Mogol Orietta Berti Claudio villa Nicola Arigliano Vittorio Salvetti Teddy Reno Adriano Pappalardo Nanni Ricordi Ricky Gianco Giorgio Gaber Gino Paoli Fabrizio De Andre' Bruno Lauzi Enzo Jannacci Paolo Conte Interventi Musica e Testi di Alcune canzoni Canzone e Società Canzone e Industria cantautori delle Scuole di Bologna Roma e Milano Gianni Sassi David Zard Renato Zero gruppo Area Stormy Six Antonello Venditti Riccardo Cocciante Stefano rosso Rino Gaetano Francesco De Gregori Gianfranco Manfredi Ivan Cattaneo Alberto Camerini Eugenio Finardi Angelo Branduardi Francesco Guccini Lucio Dalla
650 _aGENERI MUSICALI
650 _eCodice materia Spics: 7010
942 _cBK
957 _71
999 _c76463
_d76463
999 _bSI
999 _g1